Sketching : (Record no. 200131144)
[ view plain ]
| 000 -LEADER | |
|---|---|
| fixed length control field | 00836 a2200277 4500 |
| 001 - CONTROL NUMBER | |
| control field | 200131144 |
| 003 - CONTROL NUMBER IDENTIFIER | |
| control field | TR-AnTOB |
| 005 - DATE AND TIME OF LATEST TRANSACTION | |
| control field | 20220801100140.0 |
| 008 - FIXED-LENGTH DATA ELEMENTS--GENERAL INFORMATION | |
| fixed length control field | 150219b tu 000 0 |
| 040 ## - CATALOGING SOURCE | |
| Original cataloging agency | TR-AnTOB |
| Transcribing agency | TR-AnTOB |
| 041 ## - LANGUAGE CODE | |
| Language code of text/sound track or separate title | İngilizce |
| 050 ## - LIBRARY OF CONGRESS CALL NUMBER | |
| Classification number | NC730 |
| Item number | E37 2011 |
| 090 ## - LOCALLY ASSIGNED LC-TYPE CALL NUMBER (OCLC); LOCAL CALL NUMBER (RLIN) | |
| Classification number (OCLC) (R) ; Classification number, CALL (RLIN) (NR) | NC730.E37 2011 |
| 100 1# - MAIN ENTRY--PERSONAL NAME | |
| Personal name | Eissen, Koos |
| 9 (RLIN) | 63790 |
| 245 10 - TITLE STATEMENT | |
| Title | Sketching : |
| Remainder of title | the basics / |
| Statement of responsibility, etc. | cKoos Eissen and Roselien Steur. |
| 264 #1 - PRODUCTION, PUBLICATION, DISTRIBUTION, MANUFACTURE, AND COPYRIGHT NOTICE | |
| Place of production, publication, distribution, manufacture | Amsterdam : |
| Name of producer, publisher, distributor, manufacturer | BIS, |
| Date of production, publication, distribution, manufacture, or copyright notice | 2011 |
| 300 ## - PHYSICAL DESCRIPTION | |
| Extent | 302 p. : |
| Other physical details | bill. (some col.) ; |
| Dimensions | 28 cm |
| 500 ## - GENERAL NOTE | |
| General note | Includes bibliographical references (p. 200) |
| 650 07 - SUBJECT ADDED ENTRY--TOPICAL TERM | |
| Topical term or geographic name entry element | Çizim |
| General subdivision | Teknik |
| Source of heading or term | etuturkob |
| 9 (RLIN) | 137914 |
| Topical term or geographic name entry element | Product design |
| General subdivision | Technological innovations |
| 9 (RLIN) | 93432 |
| Topical term or geographic name entry element | Drawing |
| General subdivision | Technique |
| 9 (RLIN) | 63792 |
| Topical term or geographic name entry element | Ürün tasarımı |
| 9 (RLIN) | 79717 |
| 700 1# - ADDED ENTRY--PERSONAL NAME | |
| Personal name | Steur, Roselien |
| 9 (RLIN) | 63791 |
| 942 ## - ADDED ENTRY ELEMENTS (KOHA) | |
| Koha item type | Book |
| Source of classification or shelving scheme | Library of Congress Classification |
| Withdrawn status | Lost status | Source of classification or shelving scheme | Not for loan | Collection code | Home library | Current library | Shelving location | Date acquired | Source of acquisition | Cost, normal purchase price | Inventory number | Total Checkouts | Total Renewals | Total Holds | Full call number | Barcode | Date last seen | Date last checked out | Copy number | Cost, replacement price | Date shelved | Koha item type |
|---|---|---|---|---|---|---|---|---|---|---|---|---|---|---|---|---|---|---|---|---|---|---|
| Library of Congress Classification | Ödünç Verilebilir / Available | Genel Koleksiyon | Merkez Kütüphane | Merkez Kütüphane | Genel Koleksiyon / Main Collection | 07/01/2014 | Satın Alma / Purchase | 31.26 | EÜT/GİT | 9 | 2 | NC730 .E37 2011 | 0043672 | 05/02/2026 | 16/01/2026 | 1 | 31.26 | 27/12/2013 | Book |
